La agricultura española del siglo XIX / (Record no. 72301)
[ view plain ]
| 000 -LEADER | |
|---|---|
| fixed length control field | 00561cam a2200181 4500 |
| 008 - FIXED-LENGTH DATA ELEMENTS--GENERAL INFORMATION | |
| fixed length control field | 040524t19901990sp 000 0 spa u |
| 020 ## - INTERNATIONAL STANDARD BOOK NUMBER | |
| International Standard Book Number | 8474797977 |
| 050 00 - LIBRARY OF CONGRESS CALL NUMBER | |
| Classification number | S469 .S6 |
| Item number | K66 1990 |
| 100 1# - MAIN ENTRY--PERSONAL NAME | |
| Personal name | Kondo, Agustin Yoshiyuki |
| 245 13 - TITLE STATEMENT | |
| Title | La agricultura española del siglo XIX / |
| Statement of responsibility, etc | Agustin Yoshiyuki Kondo. |
| 260 ## - PUBLICATION, DISTRIBUTION, ETC. (IMPRINT) | |
| Place of publication, distribution, etc | Madrid, España : |
| Name of publisher, distributor, etc | NEREA, |
| Date of publication, distribution, etc | 1990 |
| 300 ## - PHYSICAL DESCRIPTION | |
| Extent | 336 p. ; |
| Dimensions | 22 cm. |
| 504 ## - BIBLIOGRAPHY, ETC. NOTE | |
| Bibliography, etc | Bibliografía : p. 285-326 |
| 504 ## - BIBLIOGRAPHY, ETC. NOTE | |
| Bibliography, etc | Incluye indice |
| 650 10 - SUBJECT ADDED ENTRY--TOPICAL TERM | |
| Topical term or geographic name as entry element | Agricultura |
| Geographic subdivision | España |
| General subdivision | Historia |
| Chronological subdivision | Siglo XIX |
| 942 ## - ADDED ENTRY ELEMENTS (KOHA) | |
| Source of classification or shelving scheme | Biblioteca del Cogreso de los Estados Unidos |
| Koha item type | Libro |
| Estado de pérdida | Fuente de clasificación | Estado del daño | No para préstamo | Ubicación permanente | Ubicación actual | Apartado o colección | Fecha de adquisición | Área del conocimiento | Clasificación | Código de Barras | Date last seen | Número de copia | Tipo de recurso |
|---|---|---|---|---|---|---|---|---|---|---|---|---|---|
| Biblioteca del Cogreso de los Estados Unidos | Biblioteca del Instituto de Investigaciones Históricas | Biblioteca del Instituto de Investigaciones Históricas | General | 18/01/2019 | Ciencias Sociales y Administrativas | S469.S6 K66 1990 | IIH000027862 | 18/01/2019 | C:1 | Libro |